| 000 | 01009nam a2200301 4500 | ||
|---|---|---|---|
| 003 | OSt | ||
| 005 | 20260530113852.0 | ||
| 008 | 260506b1965 US ||||| |||| 00| 0 eng d | ||
| 020 | _a070416575 | ||
| 040 |
_aICI _bSPA _cICI |
||
| 041 | _aeng | ||
| 050 |
_aZ679.5 _bM47 1965 |
||
| 100 | 1 |
_aMetcalf, Keyes De Witt _d1889-, _e autor _931368 |
|
| 245 | 1 | 0 |
_a Planning academic and research library buildings / _cKeyes d. Metcalf |
| 250 |
_a 2 # ed. / _bBy philip d. leighton and david c. weber |
||
| 264 | 1 |
_a Chicago : _bALA, _c1965 |
|
| 300 | _a431 páginas | ||
| 336 |
_atexto _2rdacontent |
||
| 337 |
_asin medio _2rdamedia |
||
| 338 |
_avolumen _2rdacarrier |
||
| 650 |
_aPlanificación bibliotecaria _931369 |
||
| 650 |
_aBibliotecas académicas _931370 |
||
| 650 |
_aBibliotecas de investigación _931371 |
||
| 650 |
_aBibliotecas |x Aprovechamiento de espacios _931372 |
||
| 700 |
_aLeighton, Philip D. _e editor _931373 |
||
| 700 |
_aWeber, David C. _d1924- _e editor _931374 |
||
| 942 |
_2lcc _cBK _n1 |
||
| 999 |
_c11502 _d11502 |
||